000 00756cab a2200229 4500
001 WB3140-42
008 090401t1995 xxu||||| |||| 00| 0 eng d
035 _a(Sirsi) u9245
041 _aeng
245 _aRICS to probe CEL`s collapse
260 _c1995
350 _a0
490 _aEstates Gazette
_v(9542) 21 October 1995, 41(1)
520 _aColliers Erdman Lewis`s collapse is to be referred to the RICS professional conduct committee. Depending on their findings, directors could face fines or penalties.
650 _aCOLLIERS ERDMAN LEWIS
650 _aINVESTIGATION
650 _aPROFESSIONAL CONDUCT COMMITTEE
650 _aRICS
690 _aMANAGEMENT-BUSINESS MANAGEMENT-PROFESSIONAL PRACTICE
942 _n0
948 _c04/03/1997
999 _c5741
_d5741